000 00279nam a2200085Ia 4500
008 220120s9999||||xx |||||||||||||| ||und||
100 _aPushpa, S and Reneeta Raj
_912185
245 0 _aSatalite tracking system prototype model
260 _aCoorg Institute of Technology
_bPonnampet
_c2009
999 _c137771
_d137771